00374 a2200109 4500001001000000005001700010008004100027245005900068100002800127773009200155999001700247ART_4508720260410162038.0260409a 10aPerspectivas sobre el trabajo infantil en la Argentina1 aRausky, María Eugenia0 tRevista de estudios regionales y mercado de trabajog- Nº 5 (ene./dic. 2009)wREV44894 c34657d34657